Welcome To New York lyrics - Statistics

General Stats
  • This quiz has been taken 569 times
  • The average score is 239 of 283
Answer Stats
Lyrics % Correct
I
99%
a
97%
to
97%
New
96%
new
96%
we
96%
Welcome
96%
welcome
96%
York
96%
York,
96%
it
95%
you
95%
been
93%
for
93%
It's
93%
it's
93%
waitin'
93%
the
91%
The
91%
so
88%
me,
87%
me
87%
And
86%
and
86%
When
86%
want
83%
want,
83%
ever
82%
they
82%
can
81%
lights
81%
are
79%
but
79%
But
79%
dance
79%
sound
79%
this
79%
beat,
78%
beat
78%
boys
78%
bright,
78%
girls
78%
never
78%
who
78%
blind
77%
here
76%
before
75%
could
74%
Everybody
74%
is
72%
soundtrack,
72%
in
71%
more
69%
on
69%
said
69%
heard
68%
somethin'
68%
was
67%
love,
66%
else
65%
our
65%
someone
65%
village
65%
crowd,
63%
of
63%
Searchin'
62%
Walkin'
62%
forevermore
61%
wanted
61%
any
60%
Like
60%
them
60%
through
60%
apartment
58%
bags
58%
hadn't
58%
first
57%
put
57%
anything,
56%
anything
56%
drawer
56%
dropped
56%
floors
56%
glow
56%
changing
54%
hearts,
54%
keeps
54%
true
54%
under
54%
guessing
53%
broken
52%
change
52%
heartbeats
52%
know
51%
wouldn't
51%
Took
50%
coats
49%
Kaleidoscope
49%
real
48%
loud
47%
great
46%
crazy
45%
drives
42%
No matching quizzes found
Score Distribution
Percent of People with Each Score
Percentile by Number Answered
Your Score History
You have not taken this quiz